000 00538nam a22001817a 4500
005 20251108173115.0
008 250721s2002 xx 000 0 ara d
082 1 4 _a613.7/عبد
100 1 _aعبد المقصود، عصمت
245 1 0 _aالرياضة و الحامل و الجنين و ما بعد الحمل /
264 1 _aالاسكندرية :
_c2002.
300 _a2001ص
650 1 7 _aاللياقة البدنية
650 1 7 _aالمرأة الحامل
650 1 7 _aالصحة
942 _2ddc
_cBK
999 _c96196
_d96196